|
|
|
|
| LEADER |
00000nab a2200000 a 4500 |
| 001 |
vtls009315857 |
| 003 |
SK-MaSNL |
| 005 |
20260304164911.0 |
| 008 |
250507c2008 xo mr|p|||n |000 b|slo |
| 015 |
|
|
|a SNBRB2008/07
|
| 035 |
|
|
|a (sysno)vtls009315857
|
| 035 |
|
|
|a urn:nbn:sk:snk-ab701x
|
| 035 |
|
|
|a (uuid)39c80f18-0c45-4005-8507-0cfd14a825fd
|
| 035 |
|
|
|a (urnnbn)urn:nbn:sk:snk:ar-a06dw1
|
| 038 |
|
|
|a SPK
|
| 040 |
|
|
|a SNKBUCL
|b slo
|c SNKBUCL
|e AACR2
|
| 041 |
0 |
|
|a slo
|
| 044 |
|
|
|a xo
|c SK
|
| 072 |
|
7 |
|a 159.92
|x Vývinová psychológia. Psychológia osobnosti
|2 konspekt
|
| 080 |
|
|
|a 159.923.5
|2 1997
|
| 080 |
|
|
|a 37.032
|2 1997
|
| 080 |
|
|
|a 3-053.4
|2 1997
|
| 245 |
0 |
0 |
|a Školské zručnosti
|n 9
|p Rozvíjajme osobnosť predškoláka
|c pripravila Eva Polgáryová
|
| 300 |
|
|
|b Fotogr., obr.
|
| 504 |
|
|
|a Bibliogr. odkazy
|
| 650 |
0 |
7 |
|a vývoj dieťaťa
|2 snkbucl
|9 67528
|
| 650 |
0 |
7 |
|a rozvoj osobnosti
|2 snkbucl
|9 63298
|
| 650 |
0 |
7 |
|a kognitívny vývin
|2 snkbucl
|9 71729
|
| 650 |
0 |
7 |
|a emocionálny vývin
|2 spk
|9 1311156
|
| 650 |
0 |
7 |
|a socializácia
|2 snkbucl
|9 4925
|
| 650 |
0 |
7 |
|a deti predškolského veku
|2 snkbucl
|9 4103
|
| 700 |
1 |
|
|a Polgáryová, Eva
|4 red
|9 549059
|
| 773 |
0 |
|
|t Dieťa nielen pre rodičov
|g Roč. XIV, č. 4 (2008), s. 36-37
|x 1335-0919
|
| 850 |
|
|
|a Slovenská národná knižnica
|
| 852 |
|
|
|a Slovenská národná knižnica
|
| 856 |
4 |
1 |
|a www.dieta.sk
|
| 954 |
|
|
|a odborná, vedecká literatúra pôvodná (slovenská)
|2 lita
|
| 958 |
|
|
|a article27
|
| 958 |
|
|
|a NB
|
| 958 |
|
|
|a OND
|
| 958 |
|
|
|a EUIPO
|
| 999 |
|
|
|c 2982002
|d 2983932
|